| 000 | 00377nam a2200133Ia 4500 | ||
|---|---|---|---|
| 008 | 231017s9999 xx 000 0 und d | ||
| 082 | _a627.018 | ||
| 082 | _bEAR | ||
| 245 | 0 | _aEarthquake engineering for concrete dams: design performance and research needs | |
| 245 | 0 | _cNational academy press USA | |
| 260 | _bNational academy press USA | ||
| 300 | _c30cm | ||
| 942 | _cREP | ||
| 999 |
_c606457 _d606457 |
||